載入...

Alkheedhathul vasithwiya

書目詳細資料
主要作者: Ibnuthaimiya, Sheikul Islam
格式: Printed Book
出版: Dawa books, Kochi 2014
主題:
LEADER 00409nam a2200157 4500
082
100 |a Ibnuthaimiya, Sheikul Islam 
245 |a Alkheedhathul vasithwiya  |c Ibnuthaimiya, Sheikul Islam 
250
260 |a Dawa books, Kochi  |c 2014 
300
490
650 |a Malayalam essays 
942 |c BK 
999 |c 192172  |d 192172 
952 |0 0  |1 0  |4 0  |7 0  |9 205521  |a ISL  |b ISL  |l 0  |p ISL05822  |r 2019-10-28  |w 2019-10-28  |y BK